Statistics for MLB Top MVP, Cy Young, and ROY 2017

Click here to take the quiz!

General Stats

  • This quiz has been taken 21 times
  • The average score is 31 of 40

Answer Stats

#PlayerTeamPos.% Correct
1Aaron JudgeNYYRF
100%
2Aaron JudgeNYYRF
100%
2Clayton KershawLADP
100%
1Giancarlo StantonMIARF
100%
1José AltuveHOU2B
100%
1Max ScherzerWSNP
100%
10Max ScherzerWSNP
100%
2Chris SaleBOSP
95%
9Chris SaleBOSP
95%
2Joey VottoCIN1B
95%
7Kris BryantCHC3B
95%
4Mike TroutLAACF
95%
4Nolan ArenadoCOL3B
95%
5Francisco LindorCLESS
90%
3José RamírezCLE3B
90%
3Josh BellPIT1B
90%
5Justin VerlanderDET/HOUP
90%
6Mookie BettsBOSRF
90%
9Cody BellingerLAD1B
85%
1Cody BellingerLAD1B
85%
1Corey KluberCLEP
85%
7Corey KluberCLEP
85%
8Justin TurnerLAD3B
85%
3Paul GoldschmidtARI1B
85%
6Anthony RendonWSN3B
80%
3Stephen StrasburgWSNP
80%
8Andrelton SimmonsLAASS
75%
5Charlie BlackmonCOLCF
75%
10Nelson CruzSEADH
75%
4Matt OlsonOAK1B
70%
4Yuli GurrielHOU1B
65%
4Zack GreinkeARIP
65%
3Luis SeverinoNYYP
50%
2Paul DeJongSTLSS
50%
2Andrew BenintendiBOSLF
40%
5Germán MárquezCOLP
40%
4Carlos CarrascoCLEP
35%
4Rhys HoskinsPHILF
25%
3Trey ManciniBALLF
25%
5Kenley JansenLADP
20%

Score Distribution

Percentile by Number Answered

Percent of People with Each Score

Your Score History

You have not taken this quiz